The grid : Core technologies
Find out which technologies enable the Grid and how to employ them successfully! This invaluable text provides a complete, clear, systematic, and practical understanding of the technologies that enable the Grid. The authors outline all the components necessary to create a Grid infrastructure that en...
保存先:
| 第一著者: | |
|---|---|
| フォーマット: | 図書 |
| 言語: | Undetermined |
| 出版事項: |
Hoboken, NJ
Wiley
2005
|
| 主題: | |
| タグ: |
タグ追加
タグなし, このレコードへの初めてのタグを付けませんか!
|
| Thư viện lưu trữ: | Trung tâm Học liệu Trường Đại học Cần Thơ |
|---|
| LEADER | 01418nam a2200229Ia 4500 | ||
|---|---|---|---|
| 001 | CTU_146762 | ||
| 008 | 210402s9999 xx 000 0 und d | ||
| 020 | |c 2566740 | ||
| 082 | |a 005.36 | ||
| 082 | |b L693 | ||
| 100 | |a Li, Maozhen | ||
| 245 | 4 | |a The grid : | |
| 245 | 0 | |b Core technologies | |
| 245 | 0 | |c Maozhen Li, Mark Baker | |
| 260 | |a Hoboken, NJ | ||
| 260 | |b Wiley | ||
| 260 | |c 2005 | ||
| 520 | |a Find out which technologies enable the Grid and how to employ them successfully! This invaluable text provides a complete, clear, systematic, and practical understanding of the technologies that enable the Grid. The authors outline all the components necessary to create a Grid infrastructure that enables support for a range of wide-area distributed applications. The Grid: Core Technologies takes a pragmatic approach with numerous practical examples of software in context. It describes the middleware components of the Grid step-by-step, and gives hands-on advice on designing and building a Grid environment with the Globus Toolkit, as well as writing applications. | ||
| 650 | |a Computational grids (Computer systems),Electronic data processing,Tính toán lưới (Hệ thống máy tính),Xử lý dữ liệu điện tử | ||
| 650 | |x Distributed processing,Xử lý phân bố | ||
| 904 | |i Trọng Hải | ||
| 980 | |a Trung tâm Học liệu Trường Đại học Cần Thơ | ||